000 00968nam a22002777a 4500
001 BR6004122
003 BR-BrBNA
005 20230928083202.0
007 ta
008 230509b bl.||||| |||| 00| 0 por d
040 _aBR-BrBNA
_bpor
_cBiblioteca Nacional de Agricultura
041 _a(Por)
072 _aE15; E30
_b/G514
090 _ E15 BR6004122
110 1 _aComissao Executiva do Plano da Lavoura Cacaueira, Ilheus, BA (Brasil)
_92106
111 1 _aSeminario de Desenvolvimento Regional Integrado
_cItabuna, BA (Brazil)
_d8 Jun 1970
245 1 _aDocumento basico produzido pelo Seminario de Desenvolvimento Regional Integrado [Microeconomia; Desenvolvimento economico; Regiao cacaueira; Bahia; Brasil]
260 3 _aItabuna, BA (Brasil):
_c1970.
300 _a33 p.
650 _aMicroeconomia
650 _aPlanejamento agricola
650 _aDesenvolvimento economico
650 _aBahia
909 _a202309
_bLucia
_c55
_dLucia Elande
942 _cBK
999 _c12034
_d12034